Gestão do patrimônio público imobiliário : (Record no. 760)

MARC details
000 -LÍDER
Campo Fixo de Controle 00843nam a2200265 a 4500
001 - NÚMERO DE CONTROLE
Campo de Controle 760
003 - IDENTIFICAÇÃO DO NÚMERO DE CONTROLE
Campo de Controle BR-CuiBMT
005 - DATA E HORA DA ÚLTIMA ATUALIZAÇÃO
Campo de Controle 20231117192704.0
008 - DADOS FIXOS
Dados Fixos 231116s2013 mgb 000 0 por d
020 ## - INTERNATIONAL STANDARD BOOK NUMBER
Nº do ISBN 9788577006793
040 ## - AGÊNCIA CATALOGADORA
Código da Agência Catalogadora BR-CuiBMT
Agência que transcreveu o registro BR-CuiBMT
080 ## - Nº DA CLASSIFICAÇÃO DECIMAL UNIVERSAL
Nº edição CDU 2007
Nº Class. CDU 351.71
090 ## - NÚMERO DE CHAMADA
Nº classificação 351.71
Cutter A138g
Ano/Edição 2. ed.
100 1# - ENTRADA PRINCIPAL -- AUTOR PESSOAL
Nome pessoal Abe, Nilma de Castro
245 ## - TÍTULO PRINCIPAL
Título principal Gestão do patrimônio público imobiliário :
Subtítulo aspectos jurídicos da destinação, delimitação, fiscalização e responsabilidade /
Indicação de responsabilidade Nilma de Castro Abe.
250 ## - EDIÇÃO
Edição 2. ed., rev. e atual.
260 ## - PUBLICAÇÃO, DISTRIBUIÇÃO, ETC.
Local de publicação Belo Horizonte :
Editora Fórum,
Data 2013.
300 ## - DESCRIÇÃO FÍSICA
N. páginas ou volumes 212 p. ;
Dimensões 22 cm
504 ## - NOTA DE BIBLIOGRAFIA, ETC.
Nota de bibliografia Inclui bibliografia.
650 ## - ASSUNTO TÓPICO
Cabeçalho tópico ou nome geográfico Direito administrativo
650 ## - ASSUNTO TÓPICO
Cabeçalho tópico ou nome geográfico Direito agrário
650 ## - ASSUNTO TÓPICO
Cabeçalho tópico ou nome geográfico Direito urbanístico
650 ## - ASSUNTO TÓPICO
Cabeçalho tópico ou nome geográfico Patrimônio público
942 ## - ELEMENTOS DE ENTRADA ADICIONAIS (KOHA)
Fonte de classificação ou esquema de arquivamento Classificação Decimal Universal
Tipo de item do Koha Livros
Holdings
Estado: removido Estado: perdido Fonte de classificação ou esquema de arquivamento Estado: danificado Indisponível para empréstimo Localização permanente Localização atual Data de aquisição Total Checkouts Número de Chamada completo Código de barras Date last seen Número do exemplar Preço efetivo a partir de Tipo de item (Koha) Date last checked out
    Classificação Decimal Universal     Biblioteca da Escola Superior de Contas do TCE/MT Biblioteca da Escola Superior de Contas do TCE/MT 01/08/2019   351.71 A138g 2. ed. BIBTCEMT23110661 16/11/2023 Ex. 1 16/11/2023 Livros  
    Classificação Decimal Universal     Biblioteca da Escola Superior de Contas do TCE/MT Biblioteca da Escola Superior de Contas do TCE/MT 22/11/2023 1 351.71 A138g 2. ed. BIBTCEMT23110841 24/06/2025 Ex. 2 22/11/2023 Livros 17/06/2025

Powered by Koha